Statistics for U.S. States with K

Click here to take the quiz!

General Stats

  • This quiz has been taken 115 times
  • The average score is 7 of 9

Answer Stats

K State% Correct
Kansas
94%
Kentucky
94%
Arkansas
83%
Alaska
76%
South Dakota
71%
North Dakota
70%
Oklahoma
67%
New York
61%
Nebraska
55%

Score Distribution

Percentile by Number Answered

Percent of People with Each Score

Your Score History

You have not taken this quiz